书目信息 |
| 题名: |
企业网络安全致胜宝典
|
|
| 作者: | 郭鑫 , 崔红霞 , 姜彬 编著 | |
| 分册: | ||
| 出版信息: | 北京 电子工业出版社 2007.10 |
|
| 页数: | 315页 | |
| 开本: | 23cm | |
| 丛书名: | 网络安全专家 | |
| 单 册: | ||
| 中图分类: | TP393.180 | |
| 科图分类: | ||
| 主题词: | 企业--qi ye--计算机网络--安全技术 | |
| 电子资源: | ||
| ISBN: | 978-7-121-05095-4 | |
| 000 | 01067nam 2200277 450 | |
| 001 | 012008099687 | |
| 005 | 20080420085559.23 | |
| 010 | @a978-7-121-05095-4@dCNY39.80 | |
| 100 | @a20080420d2007 em y0chiy0120 ea | |
| 101 | 0 | @achi |
| 102 | @aCN@b110000 | |
| 105 | @aa z 000yy | |
| 106 | @ar | |
| 200 | 1 | @a企业网络安全致胜宝典@Aqi ye wang luo an quan zhi sheng bao dian@f郭鑫, 崔红霞, 姜彬编著@Fguo xin,cui hong xia,jiang bin bian zhu |
| 210 | @a北京@c电子工业出版社@d2007.10 | |
| 215 | @a315页@c图@d23cm | |
| 225 | 2 | @a网络安全专家@Awang luo an quan zhuan jia |
| 330 | @a本书详细讲解了企业网络的个人计算机安全、企业服务器安全、网站程序安全、增强企业网络病毒的免疫力、木马如何控制企业网络、黑客入侵网络方式、网络安全产品、安全风险管理、企业应急响应案例等。 | |
| 410 | 0 | @12001 @a网络安全专家 |
| 606 | 0 | @a企业@Aqi ye@x计算机网络@x安全技术 |
| 690 | @aTP393.180@v4 | |
| 701 | 0 | @a郭鑫@Aguo xin@4编著 |
| 701 | 0 | @a崔红霞@Acui hong xia@4编著 |
| 701 | 0 | @a姜彬@Ajiang bin@4编著 |
| 801 | 0 | @aCN@bQSSK@c20080420 |
| 905 | @b295428-30@dTP393.180@eG855@f3 | |
| 企业网络安全致胜宝典/郭鑫, 崔红霞, 姜彬编著.-北京:电子工业出版社,2007.10 |
| 315页:图;23cm.-(网络安全专家) |
| ISBN 978-7-121-05095-4:CNY39.80 |
| 本书详细讲解了企业网络的个人计算机安全、企业服务器安全、网站程序安全、增强企业网络病毒的免疫力、木马如何控制企业网络、黑客入侵网络方式、网络安全产品、安全风险管理、企业应急响应案例等。 |
| ● |
| 相关链接 |
|
|
|
正题名:企业网络安全致胜宝典
索取号:TP393.180/G855
 
预约/预借
| 序号 | 登录号 | 条形码 | 馆藏地/架位号 | 状态 | 备注 |
| 1 | 295428 | 202954286 | 自科库301/301自科库 133排1列3层/ [索取号:TP393.180/G855] | 在馆 | |
| 2 | 295429 | 202954295 | 自科库301/301自科库 133排1列3层/ [索取号:TP393.180/G855] | 在馆 | |
| 3 | 295430 | 202954302 | 自科二线404/404自科库 11排3列6层/ [索取号:TP393.180/G855] | 在馆 |